| 000 | 00809cab a2200253 4500 | ||
|---|---|---|---|
| 001 | ##L133447 | ||
| 008 | 060508n2006 000 0 eng u | ||
| 035 | _a(Sirsi) u133447 | ||
| 041 | 0 | _aeng | |
| 100 | 1 | _aEade, Christine | |
| 245 | 0 | 0 |
_aEast Anglia _bregional |
| 260 | _c2006 | ||
| 490 | 0 |
_aProperty Week _v71(18) 5 May 2006, 97-108(8) |
|
| 520 | _aLooks at shopping centre development in Cambridge and Chapelfield in Norwich; the Cambridge office market; business parks in Ipswich, and urban renewal in Lowestoft and Great Yarmouth. | ||
| 590 | _aIKA090506 | ||
| 650 | 2 | 4 | _aEAST ANGLIA |
| 650 | 2 | 4 | _aCAMBRIDGE |
| 650 | 2 | 4 | _aNORWICH |
| 650 | 2 | 4 | _aIPSWICH |
| 650 | 2 | 4 | _aLOWESTOFT |
| 650 | 2 | 4 | _aGREAT YARMOUTH |
| 690 | _aPROPERTY-COMMERCIAL PROPERTY-COMMERCIAL PROPERTY MARKET | ||
| 942 | _n0 | ||
| 999 |
_c77013 _d77013 |
||